000
00267nam a2200109Ia 4500
999
_c
7885
_d
7885
020
_a
978-0070093362
100
_a
John A.Byrne
245
0
_a
Business Week's Guide to the best Business Schools
260
_a
New York
_b
McGraw Hill
_c
1990
300
_a
186
942
_c
BK